[Event "DIJA I"]
[Site "SchemingMind.com"]
[Date "2020.09.09"]
[Round "-"]
[White "drako"]
[Black "splinter"]
[Result "1-0"]
[WhiteCountry "LAT"]
[BlackCountry "CAN"]
[WhiteElo "2013"]
[WhiteRD "128"]
[BlackElo "1860"]
[BlackRD "84"]
[GameID "459884"]

1. e4 c5 2. Nf3 d6 3. Nc3 a6 4. a4 g6 5. Bc4 Bg7 6. d3 Nc6 7. h3 Nf6 8. Bf4 O-O 9. Qd2 Nd4 10. Nxd4 cxd4
11. Ne2 e5 12. Bg5 Be6 13. b3 d5 14. exd5 Bxd5 15. Bh6 Bxc4 16. Bxg7 Kxg7 17. bxc4 Qc7 18. a5 Rad8 19. Ng3 Qc6 20. O-O Nd7
21. f4 f5 22. fxe5 Nxe5 23. Qg5 Kh8 24. Rae1 Nf7 25. Qf4 Qc5 26. Qh4 Ne5 27. Rf4 Qxa5 28. Rb1 Rd7 29. Kh1 Qd8 30. Qxd8 Rfxd8
31. Ne2 Nc6 32. Kg1 a5 33. Kf2 Nb4 34. Rb2 b6 35. g4 fxg4 36. hxg4 Kg7 37. Ke1 Kh6 38. Kd2 Kg5 39. Re4 Rd6 40. Rb1 Na6
41. Rf1 Nc5 42. Re5+ Kxg4 43. Rf4+ Kh3 44. Rg5
1-0

[Event "DIJA I"]
[Site "SchemingMind.com"]
[Date "2020.09.09"]
[Round "-"]
[White "drako"]
[Black "Arnold Jones"]
[Result "1-0"]
[WhiteCountry "LAT"]
[BlackCountry "ENG"]
[WhiteElo "1945"]
[WhiteRD "149"]
[BlackElo "1587"]
[BlackRD "59"]
[GameID "459885"]

1. e4 Nf6 2. e5 Nd5 3. Nf3 e6 4. b3 d6 5. Bb2 c5 6. exd6 f6 7. Nc3 Qxd6 8. Bb5+ Bd7 9. O-O Bxb5 10. Nxb5 Qd8
11. Re1 Qb6 12. c4 Nf4 13. g3 a6 14. gxf4 axb5 15. f5 e5 16. Nxe5 fxe5 17. Rxe5+ Be7 18. Qh5+ g6 19. fxg6 Qxg6+ 20. Qxg6+ hxg6
21. Rxe7+ Kxe7 22. Bxh8 Nc6 23. cxb5 Nd4 24. Bxd4 cxd4 25. a4 Kd6 26. Rc1 b6 27. Rc6+ Kd5 28. d3 Rg8 29. Kg2 Rb8 30. Rxg6 Kc5
31. h4 Kb4 32. Rd6 Kc5 33. Rc6+ Kd5 34. f4 Re8 35. Rxb6
1-0

[Event "DIJA I"]
[Site "SchemingMind.com"]
[Date "2020.09.09"]
[Round "-"]
[White "drako"]
[Black "Paul Clarkson"]
[Result "1-0"]
[WhiteCountry "LAT"]
[BlackCountry "CAN"]
[WhiteElo "2011"]
[WhiteRD "123"]
[BlackElo "1779"]
[BlackRD "87"]
[GameID "459886"]

1. e4 e6 2. d4 d5 3. Nd2 Nf6 4. e5 Nfd7 5. Bd3 c5 6. c3 Nc6 7. Ne2 cxd4 8. cxd4 f6 9. exf6 Nxf6 10. f4 Bd6
11. Nf3 Qb6 12. O-O O-O 13. Kh1 Bd7 14. a3 Na5 15. Ne5 Bb5 16. b4 Nc6 17. Ra2 Bxd3 18. Qxd3 Ne4 19. Be3 Rac8 20. Kg1 Be7
21. Nd7 Qc7 22. Nxf8 Rxf8 23. Rc2 Qd6 24. f5 exf5 25. Bf4 Qd7 26. b5 Nd8 27. Be5 Nf7 28. Rc7 Qe6 29. Nf4 Nxe5 30. Qxe4 Qb6
31. Qxd5+
1-0

[Event "DIJA I"]
[Site "SchemingMind.com"]
[Date "2020.09.13"]
[Round "-"]
[White "Gilligan"]
[Black "drako"]
[Result "0-1"]
[WhiteCountry "USA"]
[BlackCountry "LAT"]
[WhiteElo "1617"]
[WhiteRD "63"]
[BlackElo "1945"]
[BlackRD "149"]
[GameID "459978"]

1. e4 e5 2. Nf3 Nc6 3. Bc4 Bc5 4. O-O Nf6 5. c3 Nxe4 6. d4 Be7 7. dxe5 d6 8. Qd5 Be6 9. Qxe4 d5 10. Bxd5 Qxd5
11. Qxd5 Bxd5 12. Nbd2 O-O-O 13. b3 Rhe8 14. c4 Be6 15. h3 h6 16. a4 a5 17. Nb1 Nd4 18. Nxd4 Rxd4 19. Ra2 Bb4 20. Be3 Re4
21. Nd2 Rxe5 22. Nf3 Re4 23. Bd2 Re2 24. Rd1 Rd8 25. Kf1 Re4 26. Raa1 Bxd2 27. Nxd2 Red4 28. Ra2 Bf5 29. Ke1 Re8+ 30. Kf1 b6
31. Raa1 Bd3+ 32. Kg1 Be2 33. Nf3 Rxd1+ 34. Rxd1 Bxd1 35. Nd4 c5 36. Nb5 Re1+
0-1

[Event "DIJA I"]
[Site "SchemingMind.com"]
[Date "2020.09.13"]
[Round "-"]
[White "Gilligan"]
[Black "grabapawn"]
[Result "1-0"]
[WhiteCountry "USA"]
[BlackCountry "USA"]
[WhiteElo "1617"]
[WhiteRD "63"]
[BlackElo "1517"]
[BlackRD "69"]
[GameID "459979"]

1. e4 d6 2. d4 Nf6 3. Nc3 Nbd7 4. Bd3 e5 5. Nf3 Be7 6. h3 c6 7. O-O h6 8. Ne2 Qc7 9. c3 g5 10. dxe5 Nxe5
11. Nxe5 dxe5 12. Ng3 Bd7 13. Bc4 O-O-O 14. Be3 b6 15. Bxf7 Bf5 16. Qc2 Bd7 17. Bg6 g4 18. hxg4 Nxg4 19. Nf5 Bg5 20. Bd2 Rdf8
21. Bh5 Nf6 22. Ne7+ Kb8 23. Bg6 Be8 24. Bxe8 Rxe8 25. Nf5 Reg8 26. Rad1 Rg6 27. Be3 Ng4 28. Qe2 Bxe3 29. Nxe3 Qc8 30. Nf5 Qf8
31. Rd7 Nf6 32. Rd6 Rhg8 33. g3 Ne8 34. Rd2 Nc7 35. Qc4 c5 36. Rfd1 Qf6 37. Rd7 Rg4 38. Kg2 h5 39. R1d6 Qg5 40. Rxc7 Kxc7
41. Qf7+ Kb8 42. Rd7 Rxg3+ 43. Nxg3
1-0

[Event "DIJA I"]
[Site "SchemingMind.com"]
[Date "2020.09.13"]
[Round "-"]
[White "splinter"]
[Black "Gilligan"]
[Result "1-0"]
[WhiteCountry "CAN"]
[BlackCountry "USA"]
[WhiteElo "1884"]
[WhiteRD "79"]
[BlackElo "1615"]
[BlackRD "63"]
[GameID "459980"]

1. c4 e5 2. g3 Nf6 3. Bg2 d5 4. cxd5 Nxd5 5. Nc3 Nf6 6. Nf3 Bb4 7. Qa4+ Nc6 8. Nxe5 Bxc3 9. dxc3 Bd7 10. Nxd7 Qxd7
11. O-O O-O 12. Bg5 Nd5 13. Rad1 Nxc3 14. bxc3 Qf5 15. Be3 Qf6 16. Rc1 h5 17. h4 a6 18. Qc2 Ne5 19. Bxb7 Rab8 20. Rb1 Ng4
21. Bf4 Qe6 22. Bxc7 Rbe8 23. Bf3 Nf6 24. Bf4 g6 25. Bh6 Ng4 26. Bxf8 Rxf8 27. c4 Ne5 28. Bd5 Qh3 29. Bg2 Qe6 30. c5 Nc4
31. Rbc1 Na3 32. Qa4 Nb5 33. e3 Rd8 34. Rfd1 Rc8 35. Bb7 Rb8 36. Bxa6 Ra8 37. Qxb5 Rxa6 38. Rd6 Rxd6 39. cxd6 Qxd6 40. a4 Kg7
41. a5 f6 42. a6 g5 43. Qb7+ Kg6 44. hxg5 Kxg5 45. a7 h4 46. a8=Q hxg3 47. Qg8+ Kf5 48. Qf3+ Qf4 49. Rc5#
1-0

[Event "DIJA I"]
[Site "SchemingMind.com"]
[Date "2020.09.13"]
[Round "-"]
[White "Arnold Jones"]
[Black "Gilligan"]
[Result "1/2-1/2"]
[WhiteCountry "ENG"]
[BlackCountry "USA"]
[WhiteElo "1587"]
[WhiteRD "59"]
[BlackElo "1617"]
[BlackRD "63"]
[GameID "459981"]

1. d4 d5 2. Nf3 Nf6 3. e3 e6 4. Be2 Bd6 5. c4 O-O 6. c5 Be7 7. O-O b6 8. b4 bxc5 9. dxc5 Ba6 10. b5 Bc8
11. c6 a6 12. Bb2 axb5 13. Bxb5 Na6 14. Nbd2 Rb8 15. a4 Nc5 16. Ng5 Nce4 17. Ngxe4 dxe4 18. Be5 Bd6 19. Bxd6 Qxd6 20. Nc4 Qe7
21. Qe2 h5 22. Ne5 Qc5 23. Qb2 Ba6 24. Nd7 Nxd7 25. cxd7 c6 26. Rac1 Qd5 27. Rfd1 Qg5 28. Rxc6 Bxb5 29. axb5 Rxb5 30. Qc2 Rb7
31. Qxe4 Rd8 32. Rc8 Rxd7 33. Rxd8+ Qxd8 34. Rxd7 Qxd7 35. Qa8+ Kh7 36. g3 g6 37. Kg2 Kg7 38. h4 e5 39. Qa1 Qf5 40. f4 Qe4+
41. Kf2 Qc2+ 42. Kf3 Qc6+ 43. e4 Kh7 44. Qxe5 Qd7 45. f5 Qd1+ 46. Ke3 Qg4 47. Kf2 gxf5 48. exf5 Qg8 49. Qe2 Kh6 50. Qe3+ Kh7
51. Qg5 Qxg5 52. hxg5 Kg7 53. Kf3 Kh7 54. Kf4 Kg7 55. Ke5 f6+ 56. gxf6+ Kf7 57. Kf4 Kxf6 58. g4 hxg4 59. Kxg4 Kf7 60. Kg5 Kg7
61. f6+ Kf8 62. Kf4 Kg8 63. Ke4 Kf8 64. Kd5=
1/2-1/2

[Event "DIJA I"]
[Site "SchemingMind.com"]
[Date "2020.09.13"]
[Round "-"]
[White "Paul Clarkson"]
[Black "Gilligan"]
[Result "0-1"]
[WhiteCountry "CAN"]
[BlackCountry "USA"]
[WhiteElo "1856"]
[WhiteRD "90"]
[BlackElo "1683"]
[BlackRD "60"]
[GameID "459982"]

1. d4 d5 2. Bf4 Nf6 3. e3 e6 4. Nf3 Bb4+ 5. c3 Bd6 6. Bg3 O-O 7. Nbd2 c5 8. Be2 c4 9. O-O h6 10. b3 b5
11. a4 b4 12. Bxd6 Qxd6 13. bxc4 bxc3 14. c5 Qc7 15. Nb1 Ne4 16. Ra3 Nd7 17. Nxc3 f6 18. Qc2 Rf7 19. Rb1 Nxc3 20. Rxc3 Nf8
21. Rcb3 g6 22. Bd3 Kg7 23. Qe2 e5 24. Ba6 Qc6
0-1

[Event "DIJA I"]
[Site "SchemingMind.com"]
[Date "2020.09.17"]
[Round "-"]
[White "Erik Johnson"]
[Black "Gilligan"]
[Result "1-0"]
[WhiteCountry "USA"]
[BlackCountry "USA"]
[WhiteElo "1713"]
[WhiteRD "72"]
[BlackElo "1617"]
[BlackRD "63"]
[GameID "459983"]

1. e4 e5 2. Nf3 Nc6 3. Bb5 Nf6 4. O-O Bc5 5. c3 a6 6. Ba4 h6 7. Bxc6 bxc6 8. d4 Bb6 9. dxe5 Nxe4 10. Re1 Nc5
11. b4 Ne6 12. a4 O-O 13. a5 Ba7 14. Be3 d6 15. Bxa7 Rxa7 16. Na3 d5 17. c4 Bb7 18. c5 f6 19. exf6 Qxf6 20. Nc2 Raa8
21. Ra3 Rae8 22. Rae3 Bc8 23. Qe2 Nf4 24. Qd2 Bh3 25. Rxe8 Rxe8 26. Rxe8+ Kh7 27. Nce1 Nxg2 28. Nxg2 Qg6 29. Ng5+ hxg5 30. Qe3 Bf5
31. Re7 Be4 32. Rxc7 g4 33. Ra7 g3 34. Qxg3 Qf6 35. Qh4+ Kg8 36. Qxf6 gxf6 37. Rxa6 d4 38. Ra8+ Kf7 39. Rd8 d3 40. Rd6 Bd5
41. Ne3 d2 42. a6
1-0

[Event "DIJA I"]
[Site "SchemingMind.com"]
[Date "2020.09.13"]
[Round "-"]
[White "Gilligan"]
[Black "David Carter"]
[Result "0-1"]
[WhiteCountry "USA"]
[BlackCountry "USA"]
[WhiteElo "1640"]
[WhiteRD "62"]
[BlackElo "2017"]
[BlackRD "70"]
[GameID "459984"]

1. e4 e5 2. Nf3 Nc6 3. Bc4 Nf6 4. d4 exd4 5. O-O Nxe4 6. Re1 d5 7. Bb5 Bc5 8. Bg5 f6 9. Bh4 O-O 10. Bd3 Bf5
11. Nbd2 Re8 12. Nb3 Bb6 13. Rc1 a5 14. a4 Qd7 15. Bb5 Bg4 16. Bxc6 bxc6 17. Nbxd4 c5 18. Nb5 c6 19. Nc3 Nxc3 20. bxc3 Rxe1+
21. Qxe1 Bxf3 22. gxf3 Re8 23. Qf1 c4 24. Qg2 Qf5 25. Rb1 Qxc2 26. Rf1 Qxc3 27. Kh1 Re1 28. Rg1 Rxg1+ 29. Qxg1 Qxf3+ 30. Qg2 Qxg2+
31. Kxg2 c3
0-1

[Event "DIJA I"]
[Site "SchemingMind.com"]
[Date "2020.09.13"]
[Round "-"]
[White "Gilligan"]
[Black "JAHI"]
[Result "0-1"]
[WhiteCountry "USA"]
[BlackCountry "INT"]
[WhiteElo "1617"]
[WhiteRD "63"]
[BlackElo "2158"]
[BlackRD "69"]
[GameID "459986"]

1. e4 d6 2. d4 g6 3. Nc3 Bg7 4. Bc4 a6 5. Nf3 a5 6. a3 Na6 7. O-O h6 8. Re1 e6 9. Bf4 Ne7 10. e5 d5
11. Bb3 Bd7 12. Ne2 Kf8 13. c3 Kg8 14. Bc2 Qb8 15. h4 Qa7 16. g4 Re8 17. h5 g5 18. Nxg5 hxg5 19. Bxg5 Kf8 20. Kg2 Ng8
21. Rh1 Bh6 22. Bf4 Bxf4 23. Nxf4 Ke7 24. g5 Kd8 25. Qg4 Kc8 26. g6 Nh6 27. Qg5 Qb6 28. Rab1 c6 29. g7 c5 30. gxh8=Q Rxh8
31. Kh3 cxd4 32. cxd4 Qxd4 33. Rh2 Ba4 34. Bd3 Nc5 35. Be2 Bc2 36. Rc1 Bf5+ 37. Kh4 Kb8 38. f3 f6 39. exf6 Nf7 40. Qg3 Qxf6+
41. Qg5 Qxg5#
0-1

[Event "DIJA I"]
[Site "SchemingMind.com"]
[Date "2020.09.13"]
[Round "-"]
[White "John Hamer"]
[Black "drako"]
[Result "1-0"]
[WhiteCountry "ENG"]
[BlackCountry "LAT"]
[WhiteElo "1994"]
[WhiteRD "63"]
[BlackElo "1945"]
[BlackRD "149"]
[GameID "459987"]

1. d4 Nf6 2. c4 g6 3. Nf3 Bg7 4. Nc3 d5 5. Qb3 dxc4 6. Qxc4 O-O 7. e4 c6 8. Be2 Bg4 9. O-O e6 10. Be3 Nbd7
11. Rac1 Qa5 12. b4 Qh5 13. h3 Bxf3 14. Bxf3 Qh4 15. Qb3 Bh6 16. e5 Nd5 17. Ne4 f5 18. Nd6 f4 19. Bd2 Rf5 20. Nxf5 gxf5
21. b5 Kf7 22. bxc6 bxc6 23. Rxc6 Rg8 24. Rxe6
1-0

[Event "DIJA I"]
[Site "SchemingMind.com"]
[Date "2020.09.13"]
[Round "-"]
[White "John Hamer"]
[Black "grabapawn"]
[Result "1-0"]
[WhiteCountry "ENG"]
[BlackCountry "USA"]
[WhiteElo "2004"]
[WhiteRD "60"]
[BlackElo "1548"]
[BlackRD "67"]
[GameID "459988"]

1. b3 d6 2. Bb2 Nf6 3. Nf3 Nbd7 4. d4 e5 5. dxe5 dxe5 6. Nc3 Be7 7. e4 c6 8. Bc4 Qc7 9. O-O Nf8 10. Re1 Ng6
11. a4 h6 12. Qd2 Bd7 13. Rad1 O-O-O 14. Bxf7 Bg4 15. Qe3 b6 16. Bxg6 Kb8 17. Ne2 Bd6 18. h3 Bh5 19. Bxh5 Nxh5 20. Bxe5 Bxe5
21. g4 Nf6 22. Nfd4 Rhe8 23. f4 Bd6 24. e5 Nd5 25. Qe4 Bc5 26. c4 Nf6 27. Qg6 Ng8 28. Kh2 Kb7 29. Ne6 Rxe6 30. Qxe6 Ne7
31. Nc3 a5 32. Rxd8 Bb4 33. Red1
1-0

[Event "DIJA I"]
[Site "SchemingMind.com"]
[Date "2020.09.13"]
[Round "-"]
[White "John Hamer"]
[Black "Gilligan"]
[Result "1/2-1/2"]
[WhiteCountry "ENG"]
[BlackCountry "USA"]
[WhiteElo "1994"]
[WhiteRD "63"]
[BlackElo "1617"]
[BlackRD "63"]
[GameID "459989"]

1. e4 e5 2. d4 exd4 3. Nf3 Nc6 4. Nxd4 Bc5 5. Be3 Nxd4 6. Bxd4 Bxd4 7. Qxd4 Nf6 8. Nc3 O-O 9. O-O-O d6 10. e5 Ne8
11. Kb1 Be6 12. Bd3 c5 13. Qe4 g6 14. Qxb7 a5 15. Be4 Rb8 16. Qa6 Rb6 17. Qd3 Qb8 18. b3 c4 19. Qg3 cxb3 20. axb3 Bxb3
21. cxb3 Rxb3+ 22. Kc2 Rb2+ 23. Kc1 dxe5 24. Rd8 Qxd8 25. Kxb2 Qb8+ 26. Kc2 Nf6 27. Rb1 Qc7 28. Rb7 Qd6 29. Bf5 Rd8 30. Kb2 Qd2+
31. Bc2 Rc8 32. Qxe5 Qxf2 33. Rb8 Rxb8+ 34. Qxb8+ Kg7 35. Qg3 Qd4 36. Bb3 Ne4 37. Qe1 Nc5 38. Bc2 a4 39. Ka3 Qd6 40. Nb5 Qxh2
41. Qc3+=
1/2-1/2

[Event "DIJA I"]
[Site "SchemingMind.com"]
[Date "2020.09.17"]
[Round "-"]
[White "John Hamer"]
[Black "Erik Johnson"]
[Result "1-0"]
[WhiteCountry "ENG"]
[BlackCountry "USA"]
[WhiteElo "1994"]
[WhiteRD "63"]
[BlackElo "1713"]
[BlackRD "72"]
[GameID "459990"]

1. e4 d5 2. d4 e6 3. Nc3 Bb4 4. exd5 Qxd5 5. Nf3 Bxc3+ 6. bxc3 Nc6 7. Bd3 Nf6 8. O-O O-O 9. Re1 b6 10. c4 Qd6
11. Rb1 Bb7 12. c5 Qd5 13. Be3 Ne4 14. c4 Qf5 15. Qc2 Ne7 16. Ng5 h6 17. Nxe4 Qg6 18. Ng3 f5 19. Bf4 Rac8 20. cxb6 axb6
21. d5 Nxd5 22. cxd5 Bxd5 23. Red1 h5 24. Bxf5 Rxf5 25. Bxc7 h4 26. Rxd5 hxg3 27. Rd8+ Rxd8 28. Bxd8 gxh2+ 29. Kh1 Qe8 30. Bxb6 Qh5
31. Qc8+ Kf7 32. Bd4 Rd5 33. Rb7+ Kg6 34. Rxg7+ Kf5 35. Qc2+ Kf4 36. g3+ Kf3 37. Qd3#
1-0

[Event "DIJA I"]
[Site "SchemingMind.com"]
[Date "2020.09.13"]
[Round "-"]
[White "splinter"]
[Black "John Hamer"]
[Result "1/2-1/2"]
[WhiteCountry "CAN"]
[BlackCountry "ENG"]
[WhiteElo "1860"]
[WhiteRD "84"]
[BlackElo "1980"]
[BlackRD "62"]
[GameID "459992"]

1. c4 c6 2. g3 Nf6 3. Bg2 d5 4. cxd5 cxd5 5. Nf3 Nc6 6. O-O Bf5 7. b3 e6 8. Bb2 Be7 9. d4 O-O 10. a3 Rc8
11. Nc3 g6 12. e3 Re8 13. Nh4 Qd7 14. Nxf5 gxf5 15. Ne2 Kg7 16. Nf4 Kh8 17. b4 a6 18. Rc1 Bd6 19. Kh1 Ng4 20. Qe2 Rg8
21. e4 fxe4 22. Bxe4 Bxf4 23. gxf4 f5 24. Bd3 Qe7 25. f3 Nf6 26. Rce1 Rge8 27. Qd2 Qd7 28. Rf2 Qd6 29. b5 Ne7 30. bxa6 bxa6
31. Qe2 Ng6 32. Bxa6 Rb8 33. Bb5 Nxf4 34. Qf1 Rf8 35. a4 Rf7 36. Rc2 Qb6 37. Rc6 Qa7 38. Rec1 Qe7 39. Rc8+ Rxc8 40. Rxc8+ Ng8
41. Bc1 Ng6 42. Qg1 Qb7 43. Re8 Qc7=
1/2-1/2

[Event "DIJA I"]
[Site "SchemingMind.com"]
[Date "2020.09.13"]
[Round "-"]
[White "Arnold Jones"]
[Black "John Hamer"]
[Result "0-1"]
[WhiteCountry "ENG"]
[BlackCountry "ENG"]
[WhiteElo "1623"]
[WhiteRD "62"]
[BlackElo "2004"]
[BlackRD "60"]
[GameID "459993"]

1. d4 Nc6 2. Nf3 d5 3. b3 Bg4 4. e3 e5 5. Be2 e4 6. Ne5 Nxe5 7. Bxg4 Nxg4 8. Qxg4 Nf6 9. Qe2 c6 10. c3 Bd6
11. c4 O-O 12. c5 Bc7 13. b4 b6 14. Bd2 Nd7 15. O-O Rc8 16. a4 Re8 17. a5 bxc5 18. dxc5 Be5 19. Ra2 Re6 20. f4 Bf6
21. f5 Re8 22. Bc3 Rb8 23. Qa6 Qc7 24. Qe2 Ne5 25. Qh5 Qd8 26. Rd1 Nd3 27. Bxf6 Qxf6 28. Rxd3 exd3 29. Qf3 Rxb4 30. Nd2 Qc3
31. h4 Qxc5 32. Kf2 Qc1 33. Nf1 Qc2+ 34. Rxc2 dxc2 35. Kg3 c1=Q 36. Kh3 Rb3 37. Ng3 Rexe3 38. Qf4 Qh1+ 39. Kg4 Qxg2 40. Qc7 Qf3+
41. Kh3 Qf1+ 42. Kg4 Rb4+ 43. Kg5 f6+ 44. Kh5 Qf3#
0-1

[Event "DIJA I"]
[Site "SchemingMind.com"]
[Date "2020.09.13"]
[Round "-"]
[White "Paul Clarkson"]
[Black "John Hamer"]
[Result "1/2-1/2"]
[WhiteCountry "CAN"]
[BlackCountry "ENG"]
[WhiteElo "1880"]
[WhiteRD "91"]
[BlackElo "2004"]
[BlackRD "61"]
[GameID "459994"]

1. d4 e6 2. Bf4 d5 3. Nf3 Nf6 4. e3 c5 5. c3 Nc6 6. Nbd2 Be7 7. Ne5 Nd7 8. Nxd7 Bxd7 9. Bd3 O-O 10. Nf3 cxd4
11. exd4 Rc8 12. O-O f5 13. Ne5 Re8 14. Re1 g5 15. Nxc6 Rxc6 16. Be5 Rb6 17. Re3 g4 18. h3 h5 19. hxg4 hxg4 20. Qc2 Bg5=
1/2-1/2

[Event "DIJA I"]
[Site "SchemingMind.com"]
[Date "2020.09.13"]
[Round "-"]
[White "John Hamer"]
[Black "David Carter"]
[Result "1-0"]
[WhiteCountry "ENG"]
[BlackCountry "USA"]
[WhiteElo "2004"]
[WhiteRD "60"]
[BlackElo "1971"]
[BlackRD "73"]
[GameID "459995"]

1. c4 c5 2. Nf3 Nc6 3. d4 cxd4 4. Nxd4 Nf6 5. Nc3 e6 6. g3 Qb6 7. Nb3 Ne5 8. e4 Bb4 9. Qe2 Bxc3+ 10. bxc3 O-O
11. Ba3 Re8 12. f4 Ng6 13. e5
1-0

[Event "DIJA I"]
[Site "SchemingMind.com"]
[Date "2020.09.13"]
[Round "-"]
[White "John Hamer"]
[Black "JAHI"]
[Result "0-1"]
[WhiteCountry "ENG"]
[BlackCountry "INT"]
[WhiteElo "1994"]
[WhiteRD "63"]
[BlackElo "2158"]
[BlackRD "69"]
[GameID "459996"]

1. d4 d6 2. c4 g6 3. Nf3 Bg7 4. e4 Bg4 5. Nc3 Nd7 6. Be2 Bxf3 7. Bxf3 e6 8. O-O h6 9. Be3 h5 10. Re1 h4
11. Rc1 h3 12. g3 Ne7 13. Qb3 Qb8 14. Rcd1 Kf8 15. e5 dxe5 16. dxe5 Nxe5 17. Bh1 N7c6 18. Ne4 Kg8 19. f4 Ng4 20. Ng5 Bf6
21. Rd2 a6 22. Bf3 Na5 23. Qb4 Nxe3 24. Rxe3 Nc6 25. Bxc6 bxc6 26. Qa3 Qa7 27. Kf1 c5 28. Rd7 Qb7 29. Rf3 Rf8 30. Rd2 Kg7
31. Rd7 Qc6 32. Rd2 Rd8 33. Re2 Rd1+ 34. Re1 Rhd8 35. Nxh3 Rxe1+ 36. Kxe1 Qe4+ 37. Kf1 Rd1+ 38. Kg2 Qe1 39. g4 Bd4 40. g5 Rd2+
41. Nf2 Bxf2
0-1

[Event "DIJA I"]
[Site "SchemingMind.com"]
[Date "2020.09.14"]
[Round "-"]
[White "Derek Price"]
[Black "drako"]
[Result "1-0"]
[WhiteCountry "ENG"]
[BlackCountry "LAT"]
[WhiteElo "2302"]
[WhiteRD "71"]
[BlackElo "1945"]
[BlackRD "149"]
[GameID "460015"]

1. c4 e5 2. Nc3 Nc6 3. g3 Nf6 4. Bg2 Bb4 5. Nd5 Bc5 6. e3 d6 7. Ne2 O-O 8. O-O Bf5 9. d4 Bb6 10. a4 exd4
11. exd4 Nxd5 12. cxd5 Na5 13. b4 Re8 14. bxa5 Bxa5 15. Bd2 Bxd2 16. Qxd2 Be4 17. Bxe4 Rxe4 18. Nc3 Re7 19. Rfe1 a6 20. Rxe7 Qxe7
21. Re1 Qd7 22. Qe2 g6 23. Qe7 Rd8 24. Qxd7 Rxd7 25. Re8+ Kg7 26. Kg2 c5 27. dxc5 dxc5 28. a5
1-0

[Event "DIJA I"]
[Site "SchemingMind.com"]
[Date "2020.09.13"]
[Round "-"]
[White "Derek Price"]
[Black "grabapawn"]
[Result "1-0"]
[WhiteCountry "ENG"]
[BlackCountry "USA"]
[WhiteElo "2302"]
[WhiteRD "71"]
[BlackElo "1517"]
[BlackRD "69"]
[GameID "460016"]

1. c4 d6 2. d4 Nf6 3. Nf3 Nbd7 4. Nc3 e5 5. e4 Be7 6. Be2 c6 7. O-O Qc7 8. h3 h6 9. Be3 g5 10. Qd2 Nf8
11. Rad1 Ng6 12. d5 Nh5 13. Nxe5 Nxe5 14. Bxh5 Nxc4 15. Qd4 Ne5 16. f4 c5 17. Nb5 Qb6 18. Qc3 Qxb5 19. fxe5 Rf8 20. exd6 Bxd6
21. e5 Bc7 22. e6 Bd6 23. Rxf7 Rxf7 24. Qf6
1-0

[Event "DIJA I"]
[Site "SchemingMind.com"]
[Date "2020.09.13"]
[Round "-"]
[White "Derek Price"]
[Black "Gilligan"]
[Result "1-0"]
[WhiteCountry "ENG"]
[BlackCountry "USA"]
[WhiteElo "2302"]
[WhiteRD "71"]
[BlackElo "1617"]
[BlackRD "63"]
[GameID "460017"]

1. c4 e5 2. Nc3 Nf6 3. Nf3 d6 4. g3 Be6 5. d3 Nc6 6. Bg2 Be7 7. O-O Qd7 8. Rb1 O-O-O 9. b4 h5 10. Qa4 a6
11. b5 Nb8 12. bxa6 Qxa4 13. axb7+ Kd7 14. Nxa4 Nh7 15. Nc3 g5 16. Nd5 g4 17. Ne1 f5 18. Nxe7 Kxe7 19. f4 h4 20. fxe5 dxe5
21. Nc2 h3 22. Bh1 Nf6 23. Rb5 Kf7 24. Rxe5 Rhe8 25. Rc5 Rd7 26. Ne3 Na6 27. Ra5 Nb8 28. Nxf5 c6 29. Bg5 Bxf5 30. Raxf5 Re6
31. Rxf6+ Rxf6 32. Rxf6+ Kg8 33. Rxc6 Nxc6 34. Bxc6
1-0

[Event "DIJA I"]
[Site "SchemingMind.com"]
[Date "2020.09.17"]
[Round "-"]
[White "Derek Price"]
[Black "Erik Johnson"]
[Result "1-0"]
[WhiteCountry "ENG"]
[BlackCountry "USA"]
[WhiteElo "2302"]
[WhiteRD "71"]
[BlackElo "1713"]
[BlackRD "72"]
[GameID "460018"]

1. c4 e5 2. Nc3 Nf6 3. Nf3 Nc6 4. g3 Bb4 5. Bg2 O-O 6. O-O e4 7. Ne1 Re8 8. Nc2 Bxc3 9. dxc3 d6 10. Ne3 b6
11. Qc2 Bb7 12. Nd5 Re6 13. Bg5 Ne5 14. Bxe4 Nxc4 15. Nxf6+ gxf6 16. Bxb7 Rb8 17. Bd5 fxg5 18. Bxc4 d5 19. Rad1 c6 20. Bd3 h6
21. c4 dxc4 22. Bh7+
1-0

[Event "DIJA I"]
[Site "SchemingMind.com"]
[Date "2020.09.13"]
[Round "-"]
[White "Derek Price"]
[Black "John Hamer"]
[Result "1-0"]
[WhiteCountry "ENG"]
[BlackCountry "ENG"]
[WhiteElo "2302"]
[WhiteRD "71"]
[BlackElo "1994"]
[BlackRD "63"]
[GameID "460019"]

1. c4 Nf6 2. g3 g6 3. Bg2 Bg7 4. Nc3 O-O 5. d4 d6 6. Nf3 Nbd7 7. O-O e5 8. e4 c6 9. h3 exd4 10. Nxd4 Re8
11. Be3 Nc5 12. Qc2 Qe7 13. Rfe1 Be6 14. Nxe6 fxe6 15. Rad1 Rac8 16. Rd2 e5 17. Red1 Red8 18. b4 Ne6 19. Bxa7 Bh6 20. Re2 Nd7
21. Be3 Bxe3 22. fxe3 h6 23. a4 c5 24. b5 Nc7 25. a5 Ra8 26. Ra1 Kh7 27. Qd3 Nf6 28. Rea2 Rdb8 29. Kh2 Kg8= 30. Rf1 Rf8
31. a6 bxa6 32. b6 Nce8 33. Nd5 Qe6 34. Rf3 Kg7 35. Raf2 a5 36. Qf1 Rf7 37. Kg1 Rb8 38. h4 g5= 39. hxg5 hxg5 40. Rf5 g4
41. Bh3 gxh3 42. Qxh3
1-0

[Event "DIJA I"]
[Site "SchemingMind.com"]
[Date "2020.09.14"]
[Round "-"]
[White "David Carter"]
[Black "Derek Price"]
[Result "0-1"]
[WhiteCountry "USA"]
[BlackCountry "ENG"]
[WhiteElo "1956"]
[WhiteRD "76"]
[BlackElo "2302"]
[BlackRD "71"]
[GameID "460020"]

1. d4 d5 2. c4 c6 3. Nc3 Nf6 4. e3 e6 5. Nf3 Nbd7 6. Qc2 Bd6 7. g4 h6 8. Bd2 dxc4 9. Bxc4 b5 10. Bd3 Bb7
11. Rg1 Qb6 12. h4 c5 13. e4 Rc8 14. Nxb5 Be7 15. Ne5 cxd4 16. Nxd7 Nxd7 17. Qa4 Nc5 18. Nd6+ Kf8 19. Nxc8 Qxb2 20. Rb1 Nxd3+
21. Ke2 Nf4+ 22. Kf3 Qxd2 23. Nxe7 Qd3+ 24. Kxf4 e5+
0-1

[Event "DIJA I"]
[Site "SchemingMind.com"]
[Date "2020.09.13"]
[Round "-"]
[White "JAHI"]
[Black "Derek Price"]
[Result "1-0"]
[WhiteCountry "INT"]
[BlackCountry "ENG"]
[WhiteElo "2141"]
[WhiteRD "69"]
[BlackElo "2259"]
[BlackRD "72"]
[GameID "460022"]

1. c3 Nf6 2. c4 e5 3. Nc3 Bc5 4. g3 O-O 5. Bg2 Nc6 6. h3 Re8 7. h4 d6 8. h5 Bf5 9. h6 Ng4 10. e3 Nxh6
11. Rxh6 gxh6 12. d3 Kg7 13. a3 a5 14. Nf3 Qc8 15. Nh4 Bg4 16. f3 Bd7 17. Bd2 Qd8 18. Qe2 a4 19. Kf2 Ne7 20. Rh1 f5
21. f4 exf4 22. gxf4 Ng6 23. Nd5 Nxh4 24. Qh5 Re6 25. Bc3+ Kf8 26. Rxh4 Rg6 27. Rh3 Bb6 28. Rg3 Qe8 29. Qh4 Bc6 30. Rxg6 hxg6
31. Qf6+ Qf7= 32. Qh8+ Qg8 33. Qxh6+ Kf7 34. Qh4 g5 35. fxg5 Rf8 36. g6+ Qxg6 37. Bf3 Bxe3+ 38. Kxe3 Qg1+ 39. Kd2 Bxd5 40. Bd4 Qxd4
41. Bh5+ Kg8 42. Qxd4
1-0

[Event "DIJA I"]
[Site "SchemingMind.com"]
[Date "2020.09.13"]
[Round "-"]
[White "splinter"]
[Black "Derek Price"]
[Result "0-1"]
[WhiteCountry "CAN"]
[BlackCountry "ENG"]
[WhiteElo "1860"]
[WhiteRD "84"]
[BlackElo "2259"]
[BlackRD "72"]
[GameID "460023"]

1. c4 e5 2. g3 Nf6 3. Bg2 c6 4. b3 d5 5. cxd5 cxd5 6. Bb2 Nc6 7. Nf3 Bd6 8. O-O O-O 9. d3 Bg4 10. Nbd2 Qe7
11. h3 Bd7 12. a3 Rac8 13. b4 a6 14. Nb3 b6 15. Qd2 h6 16. Rac1 Qe6 17. Qd1 Ne7 18. Nbd2 Rxc1 19. Bxc1 a5 20. bxa5 bxa5
21. a4 Rb8 22. e4 Bb4 23. exd5 Nfxd5 24. Qb3 Bd6 25. Qa2 Rb4 26. Nc4 Rxa4 27. Qc2 Nb4 28. Qe2 Nxd3 29. Qxd3 Rxc4 30. Nd2 Rd4
31. Qa6 Bb4 32. Qxe6 Bxe6 33. Nf3 Rd5 34. Be3 f6 35. Rc1 Nf5 36. Bb6 a4 37. Ne1 Rb5 38. Be3 Nxe3 39. fxe3 a3 40. Nd3 Bd2
41. Ra1 Bxe3+ 42. Kh2 a2
0-1